| 000 | 003620000a22001570004500 | ||
|---|---|---|---|
| 001 | 003259 | ||
| 003 | MACL | ||
| 040 | _aMACL | ||
| 090 |
_c15252 _d15251 |
||
| 100 | _aKak, Subhash | ||
| 245 |
_aThe Asvamedha _bThe Rite And Its Logic _cSubhash Kak |
||
| 260 |
_aMotilal Banarasidas Publishers, _c2004 |
||
| 350 | _a195 | ||
| 650 | _aReligion | ||
| 942 |
_k295 _cBook |
||
| 999 |
_c15164 _d15164 |
||